[Event "RUS-ch Men Blitz 2019"]
[Site "Sochi"]
[Date "2019.10.17"]
[Round "8.11"]
[White "Belyakov, Bogdan"]
[Black "Khismatullin, Denis"]
[Result "0-1"]
[WhiteElo "2495"]
[BlackElo "2611"]
[Annotator "TA"]
[PlyCount "114"]
[EventDate "2019.10.17"]
[EventType "swiss"]
[EventCountry "RUS"]
[SourceTitle "playchess.com"]
[Source "ChessBase"]
[SourceQuality "1"]

{[%evp 20,174,23,17,26,28,36,-14,0,-8,-12,-17,0,0,306,29,63,48,61,47,63,66,57,51,78,66,83,77,69,0,88,0,138,87,84,0,111,74,68,68,88,82,112,102,99,104,98,84,132,77,132,52,47,0,279,261,269,0,169,0,0,0,0,-176,-181,-369,-72,-62,8,-127,-127,-131,-122,-131,-122,-106,-117,-136,-109,-136,-121,-130,-14,-14,-14,-106,-66,-66,-66,-123,-130,-189,-160,-300,-308,-345,-504,-550,-147,-139,0,-554,-536,-500,-457,-487,-450,-812,-664,-2178,-2112,-3141,-2333,-6103,-6083,-3074,-5522,-2418,-2628,-2615,-2281,-29972,-29972,-29973,-29974,-29976,-29977,-29977,-29978,-29978,-29979,-29979,-29980,-29980,-29981,-29981,-29980,-29983,-29984,-29983,-29983,-29986,-29984,-29987,-29986,-29986,-29987,-29987,-29988,-29987,-29988,-29989,-29990,-29990,-29991,-29991,-29992]} 1. e4 d6 2. d4 Nf6 3. Nc3 Nbd7 4. Nf3 e5 5. Bc4 Be7 6. O-O O-O 7. Re1 c6 8. a4 exd4 9. Nxd4 Ne5 10. Bf1 Re8 11. h3 Ng6 {C50: Hungarian Defence and Giuoco Pianissimo} 12. a5 (12. g3 Bf8 13. Bg2 Bd7 14. Be3 h6 15. f4 Qc7 16. Qd2 Rad8 17. Qf2 c5 18. Nb3 Bc6 19. Nd5 Bxd5 20. exd5 {½-½ (51) Bacrot,E (2686)-Markus,R (2632) Reykjavik 2015}) 12... Bd7 13. b3 $146 ({Predecessor:} 13. g3 Bf8 14. Bg2 h6 15. b3 Re5 16. a6 b5 17. f4 Re8 18. Bb2 b4 19. Nb1 {0-1 (38) Lie,K (2528)-Kadric,D (2473) Tromsoe 2014}) 13... Bf8 {The position is equal.} 14. Bb2 Qc7 15. Nf3 Rad8 16. Qd4 c5 $2 {[%mdl 8192] [#]} (16... b5 $11) 17. Qd2 $2 (17. Qxf6 $1 $18 {[%mdl 512]} gxf6 18. Nd5 {[%mdl 64] Double Attack, Discovered Attack}) 17... Bc6 {[%cal Rf6e4]} 18. Nd5 Nxd5 19. exd5 Bd7 20. c4 $36 {[%mdl 2048] Black is under pressure.} Bf5 21. Bc3 h6 22. b4 Be4 23. Nh2 Bf5 24. Nf3 Be4 $1 25. Nh2 (25. Re3 $16) 25... Nh4 (25... Bf5 $1 $11 {keeps the balance.}) 26. Qf4 ({White should try} 26. Ng4) 26... Ng6 $16 27. Qd2 (27. Qg4 $16 cxb4 28. Bxb4) 27... Qc8 (27... Bf5 $11 {remains equal.}) 28. bxc5 dxc5 29. Ng4 h5 30. Ne5 Bf5 31. Nxg6 Bxg6 32. Bd3 Bxd3 33. Qxd3 Bd6 34. Rab1 (34. Qf3 $142) 34... Qd7 (34... Rxe1+ $142 35. Rxe1 Re8) 35. Qd2 (35. Qf3 $16) 35... Qf5 36. Rxb7 Bf4 $2 {[%mdl 8192]} (36... Rxe1+ $11 {and Black is okay.} 37. Qxe1 Qf4) 37. Qd1 $18 Bd6 38. Qd2 $2 ({Don't do} 38. Rxa7 $6 Rxe1+ 39. Qxe1 Rb8 $18) (38. Rxe8+ $18 Rxe8 39. Qf3 (39. Rxa7 h4 $16)) 38... Rxe1+ $11 39. Qxe1 Qf4 {...Qh2+ is the strong threat.} 40. g3 Qxc4 41. Ba1 $2 (41. Bxg7 $11 Qxd5 42. Bf6 Qxb7 43. Bxd8) 41... Qxd5 $19 42. Rxa7 $2 (42. Rb2) 42... Rb8 $2 (42... Bf8 $19 {has better winning chances. Strongly threatening ...Qf3.} 43. Bc3 Qf3) 43. a6 $17 c4 ({Better is} 43... Bf8 $15) 44. Rb7 (44. Rd7 $11 Qc6 {[%mdl 64] Double Attack} 45. a7 Qxd7 46. Qc3 $1 {[%mdl 512]}) 44... Rxb7 45. axb7 Qxb7 46. Qc3 {[%csl Ga1][%cal Rc3g7]} Qb1+ 47. Kh2 {[%csl Ga1][%cal Rc3g7]} Bf8 48. Kg2 Qe4+ 49. Kg1 f6 50. Qa5 Qg6 (50... h4 $17 {White must now prevent ...hxg3.} 51. gxh4 Qxh4) 51. Qd5+ $11 Qf7 52. Qd8 (52. Qc6 $11) 52... Qe6 53. Bc3 Kf7 $1 54. Qc7+ (54. Qa8 $15) 54... Kg6 $1 $17 55. Qa5 (55. Qb7 $17) 55... Bd6 $1 $19 ({Resist} 55... Qxh3 56. Qa8 $17) 56. h4 (56. Qb6 $17 Qd5 57. Qe3) 56... Qe4 57. Qd8 Bxg3 {Played: Bd6-c5} 0-1

[Event "RUS-ch Men Blitz 2019"]
[Site "Sochi"]
[Date "2019.10.17"]
[Round "8.12"]
[White "Glek, Igor"]
[Black "Bocharov, Dmitry"]
[Result "0-1"]
[WhiteElo "2467"]
[BlackElo "2519"]
[Annotator "ChessBase"]
[PlyCount "41"]
[EventDate "2019.10.17"]
[EventType "swiss"]
[EventCountry "RUS"]
[SourceTitle "playchess.com"]
[Source "ChessBase"]
[SourceQuality "1"]
[TimeControl "180+2"]

1. e4 {[%emt 0:00:00]} g6 {[%emt 0:00:00]} 2. d4 {[%emt 0:00:01]} Bg7 {[%emt 0:00:01]} 3. Nc3 {[%emt 0:00:02]} d6 {[%emt 0:00:02]} 4. f4 {[%emt 0:00:01]} a6 {[%emt 0:00:01]} 5. Nf3 {[%emt 0:00:11]} b5 {[%emt 0:00:01]} 6. a4 {[%emt 0:00:15]} b4 {[%emt 0:00:05]} 7. Nd5 {[%emt 0:00:01]} Bb7 {[%emt 0:00:06]} 8. Bd3 {[%emt 0:00:13]} a5 {[%emt 0:00:01]} 9. c3 {[%emt 0:00:21]} e6 {[%emt 0:00:21]} 10. Ne3 {[%emt 0:00:01]} bxc3 {[%emt 0:00:02]} 11. bxc3 {[%emt 0:00:01]} Nf6 {[%emt 0:00:01]} 12. e5 {[%emt 0:01:13]} Nd5 {[%emt 0:00:03]} 13. Nxd5 {[%emt 0:00:06]} Bxd5 {[%emt 0:00:01]} 14. O-O {[%emt 0:00:08]} O-O {[%emt 0:00:02]} 15. Be3 {[%emt 0:00:12]} Nd7 {[%emt 0:00:15]} 16. Ng5 {[%emt 0:00:15]} c5 {[%emt 0:00:09]} 17. Ne4 {[%emt 0:00:05]} cxd4 {[%emt 0:00:14]} 18. cxd4 {[%emt 0:00:04]} dxe5 {[%emt 0:00:07]} 19. dxe5 {[%emt 0:00:10]} Rb8 {[%emt 0:00:07]} 20. Nc5 {[%emt 0:00:06]} Qb6 {[%emt 0:00:20]} 21. Qc1 {[%emt 0:00:16]} 0-1

[Event "RUS-ch Men Blitz 2019"]
[Site "Sochi"]
[Date "2019.10.17"]
[Round "8.13"]
[White "Pridorozhni, Aleksei"]
[Black "Korchmar, Vasiliy"]
[Result "1-0"]
[WhiteElo "2599"]
[BlackElo "2432"]
[Annotator "ChessBase"]
[PlyCount "49"]
[EventDate "2019.10.17"]
[EventType "swiss"]
[EventCountry "RUS"]
[SourceTitle "playchess.com"]
[Source "ChessBase"]
[SourceQuality "1"]
[TimeControl "180+2"]

1. e4 {[%emt 0:00:00]} c5 {[%emt 0:00:00]} 2. Nc3 {[%emt 0:00:01]} d6 {[%emt 0:00:01]} 3. f4 {[%emt 0:00:03]} g6 {[%emt 0:00:09]} 4. d4 {[%emt 0:00:01]} Bg7 {[%emt 0:00:10]} 5. dxc5 {[%emt 0:00:02]} Qa5 {[%emt 0:00:22]} 6. cxd6 {[%emt 0:00:03]} exd6 {[%emt 0:00:56]} 7. Bd3 {[%emt 0:00:06]} Nf6 {[%emt 0:00:11]} 8. Nf3 {[%emt 0:00:12]} O-O {[%emt 0:00:05]} 9. O-O {[%emt 0:00:03]} Nc6 {[%emt 0:00:01]} 10. Kh1 {[%emt 0:00:06]} Re8 {[%emt 0:00:02]} 11. Bd2 {[%emt 0:00:20]} Qb6 {[%emt 0:00:02]} 12. Rb1 {[%emt 0:00:01]} Bg4 {[%emt 0:00:01]} 13. h3 {[%emt 0:00:02]} Bxf3 {[%emt 0:00:01]} 14. Qxf3 {[%emt 0:00:01]} Nb4 {[%emt 0:00:10]} 15. Be3 {[%emt 0:00:08]} Qa5 {[%emt 0:00:09]} 16. a3 {[%emt 0:00:14]} Nxd3 {[%emt 0:00:01]} 17. cxd3 {[%emt 0:00:01]} Rac8 {[%emt 0:00:02]} 18. Qf2 {[%emt 0:00:03]} b6 {[%emt 0:00:03]} 19. Bd4 {[%emt 0:00:03]} Qa6 {[%emt 0:00:01]} 20. Rbd1 {[%emt 0:00:03]} Qb7 {[%emt 0:00:11]} 21. f5 {[%emt 0:00:07]} Rf8 {[%emt 0:00:35]} 22. Bxf6 {[%emt 0:00:03]} Bxf6 {[%emt 0:00:01]} 23. Nd5 {[%emt 0:00:01]} Bg5 {[%emt 0:00:09]} 24. Qg3 {[%emt 0:00:06]} Bh6 {[%emt 0:00:03]} 25. Qh4 {[%emt 0:00:06]} 1-0

[Event "RUS-ch Men Blitz 2019"]
[Site "Sochi"]
[Date "2019.10.17"]
[Round "8.14"]
[White "Utnasunov, Alexander"]
[Black "Rozum, Ivan"]
[Result "0-1"]
[WhiteElo "2442"]
[BlackElo "2599"]
[Annotator "TA"]
[PlyCount "64"]
[EventDate "2019.10.17"]
[EventType "swiss"]
[EventCountry "RUS"]
[SourceTitle "playchess.com"]
[Source "ChessBase"]
[SourceQuality "1"]

{[%evp 13,66,27,52,28,53,42,56,41,44,-19,-26,-29,-17,-33,0,-33,-28,-33,-32,-33,-30,-33,-33,-33,-9,-26,-26,-26,-26,-26,-26,-49,-53,-53,-37,-34,-50,-46,-28,-125,-124,-162,-154,-251,-145,-219,0,-39,0,-289,-226,-29997,-29998,-29998,-29999]} 1. d4 Nf6 2. c4 d6 3. Nc3 e5 4. d5 Be7 5. e4 O-O 6. Bd3 Nbd7 7. Nge2 Ne8 8. Be3 {A53: Old Indian Defence without Nf3} (8. O-O Bg5 9. b4 g6 10. Bxg5 Qxg5 11. Rc1 h5 12. Na4 a5 13. a3 axb4 14. axb4 h4 15. Kh1 b6 {½-½ (49) Hingouet,M (2245)-Bailet,P (2494) Avoine 2019}) 8... g6 $146 ({Predecessor:} 8... Bg5 9. Qd2 Bxe3 10. Qxe3 a5 11. Bc2 Nef6 12. f3 Nc5 13. Na4 Nfd7 14. Nac3 a4 15. O-O h6 {½-½ (68) Jakovljevic,Z (2021)-Skare,G (2282) Belgrade 2016}) 9. Qd2 Ng7 10. f3 {White is slightly better.} f5 11. h3 (11. O-O-O $14) 11... f4 $11 12. Bf2 Bh4 13. Nc1 Nc5 14. Bc2 a5 15. b3 Nh5 16. Nd3 b6 17. O-O-O Bxf2 18. Qxf2 g5 19. Kb2 Ng3 20. Rhe1 h5 21. a3 Bd7 22. b4 Nxd3+ 23. Bxd3 g4 24. hxg4 hxg4 25. Ra1 Qh4 26. Ne2 {[#]} (26. c5 $11 {keeps the balance.}) 26... Nf5 $1 $17 27. Qg1 Ne3 28. g3 (28. bxa5 $17 Rxa5 29. Nc3) 28... Qf6 ({Better is} 28... Qh6 $19 {...fxg3 is the strong threat.} 29. gxf4 exf4) 29. fxg4 (29. Nc3 $17) 29... Bxg4 $2 (29... Nxg4 $19 {White must now prevent ...f3.} 30. gxf4 exf4+ 31. Qd4 f3 32. Qxf6 Rxf6) 30. Kb3 axb4 31. gxf4 $2 {[%mdl 8192]} (31. axb4 $11 {and White has nothing to worry.} Kf7 32. Qf2) 31... exf4 $19 32. Nxf4 $2 {[#]} (32. axb4 $19 Rxa1 33. Rxa1) 32... Qc3+ 0-1

[Event "RUS-ch Men Blitz 2019"]
[Site "Sochi"]
[Date "2019.10.17"]
[Round "8.15"]
[White "Gubsky, Egor"]
[Black "Antipov, Mikhail Al."]
[Result "1-0"]
[WhiteElo "2339"]
[BlackElo "2567"]
[Annotator "TA"]
[PlyCount "127"]
[EventDate "2019.10.17"]
[EventType "swiss"]
[EventCountry "RUS"]
[SourceTitle "playchess.com"]
[Source "ChessBase"]
[SourceQuality "1"]

{[%evp 13,127,36,57,0,0,0,0,0,0,0,0,0,22,0,-6,-2,-14,-12,-10,-4,0,-26,-4,-31,-32,-63,-40,-28,-36,-54,-49,-51,168,25,25,25,25,25,20,20,18,18,26,0,20,0,36,36,36,36,63,36,36,36,36,36,36,36,36,36,36,0,36,36,36,36,36,0,36,36,115,114,287,275,279,273,268,270,270,273,274,263,265,225,689,659,553,395,363,423,411,414,388,339,1347,606,499,109,89,101,29969,29971,29967,4770,4750,1752,29973,29973,29974,6095,29975,29976,29976,29976,29963,5728]} 1. d4 Nf6 2. c4 g6 3. Nc3 Bg7 4. e4 d6 5. Nf3 O-O 6. Be2 e5 7. O-O Bg4 8. Be3 {E94: King's Indian: Classical: 6 Be2 e5 7 0-0: Various Black 7th moves} ({White should try} 8. d5 $14) (8. d5 Nh5 9. Bg5 Bf6 10. Bxf6 Qxf6 11. g3 Bh3 12. Re1 a5 13. Qd2 Na6 14. Qe3 Nc5 15. b3 Qg7 16. Nd2 {1-0 (33) Fridman,D (2637)-Skoberne,J (2563) Batumi 2018}) 8... Bxf3 $11 9. Bxf3 exd4 $1 10. Bxd4 {The position is equal.} Nc6 11. Be3 Re8 12. Qc2 h5 $146 ({Predecessor:} 12... Ne5 13. Be2 c6 14. h3 Qe7 {½-½ (56) Hegedus,G (2113)-Felegyhazi,L (2300) Debrecen 1999}) 13. h3 Nd7 14. Rad1 Bxc3 15. Qxc3 Qf6 16. Qb3 Nc5 17. Qc2 Re5 18. Rfe1 Rae8 19. Bc1 R5e7 20. Re3 Nd4 21. Rxd4 Qxd4 22. b4 {aiming for Bb2.} Nxe4 $2 (22... Nd7 $1 $15) 23. Bb2 (23. Bxe4 $18 {Strongly threatening Bb2.} Qa1 24. Bd5 (24. Bxb7 $2 Rxe3 25. fxe3 Rxe3 $19) 24... Rxe3 25. fxe3) 23... Qd2 24. Bxe4 Qxc2 25. Bxc2 Rxe3 26. fxe3 Rxe3 {...Re2 is the strong threat.} 27. Kf2 Re6 28. Kf3 c6 29. a3 Kh7 30. Bc3 {[%mdl 1024] White has compensation.} a6 31. Bd3 f6 32. g3 (32. g4 $5 {[%cal Rg4h5]}) 32... Kg7 33. h4 Kf7 34. a4 Re8 35. Be4 Re7 36. Kf4 Re8 37. Kf3 Re7 38. Bd2 Re8 39. Be3 Re7 40. Bf4 Rd7 41. Ke3 Rd8 (41... Re7 $14 42. Kd4 (42. Bxd6 $2 Re6 $19) 42... f5) 42. Kd4 $16 Rd7 $2 (42... f5 $16 {might work better.} 43. Bg2 Ke6) 43. b5 $18 axb5 44. cxb5 ({Much less strong is} 44. axb5 $6 cxb5 45. cxb5 g5 $18) 44... d5 45. Bf3 Ke6 46. bxc6 bxc6 47. Kc5 Ra7 48. Bd1 $1 ({Stronger than} 48. Kxc6 Rxa4 49. Bxd5+ Kf5 $11) 48... Kd7 $2 (48... Rb7 49. Kxc6 Rb1) 49. Kb6 Ra8 50. a5 g5 51. hxg5 fxg5 52. Be5 Re8 53. Bd4 $1 g4 $2 {[#]} (53... Rb8+ 54. Ka7 Kc8) 54. a6 (54. Ba4 $142 $1 {[%mdl 512]} Kd6 55. Bc5+ Ke5 56. a6) 54... Rb8+ {[#]} 55. Ka7 $2 (55. Ka5 $1 $18) 55... Rb4 $16 {[#]} 56. Bb6 $1 {Threatens to win with Kb7.} Kc8 $2 {[%mdl 8192]} (56... h4 $16 57. Bc5 (57. gxh4 g3 $11) 57... Rb5 58. Bxg4+ Kc7) 57. Bc2 {[%cal Rc2f5]} Kd7 58. Bf5+ (58. Kb7 $142 Rb2 59. a7 Ra2 60. a8=Q Rxa8 61. Kxa8 Kd6 62. Kb7 d4 63. Bxd4) 58... Kd6 $18 59. Kb7 Ke5 60. a7 Ra4 61. Bc2 (61. Bd3 $142 Rxa7+ 62. Bxa7 Kd6 63. Bb8+ Ke7 64. Kxc6 d4 65. Bd6+ Ke6 66. Kc7) 61... Rxa7+ 62. Bxa7 {White mates.} Kd6 63. Bb8+ Kc5 64. Ba4 {Accuracy: White = 55%, Black = 46%.} (64. Bf4 $142 d4 65. Bg6 Kd5 66. Kb6 Ke6 67. Kxc6 Ke7 68. Bxh5 Ke6 69. Bxg4+ Kf7 70. Kd6) 1-0

[Event "RUS-ch Men Blitz 2019"]
[Site "Sochi"]
[Date "2019.10.17"]
[Round "8.16"]
[White "Lugovskoy, Maxim"]
[Black "Remizov, Yaroslav"]
[Result "1-0"]
[WhiteElo "2436"]
[BlackElo "2394"]
[Annotator "TA"]
[PlyCount "93"]
[EventDate "2019.10.17"]
[EventType "swiss"]
[EventCountry "RUS"]
[SourceTitle "playchess.com"]
[Source "ChessBase"]
[SourceQuality "1"]

{[%evp 9,101,0,0,-35,55,25,70,32,58,18,29,13,52,35,50,47,74,73,84,27,103,96,90,88,84,85,105,87,58,60,85,52,93,73,81,46,101,0,0,-42,175,177,166,171,152,-5,-5,-5,-5,-33,0,0,0,-91,-68,-104,93,60,1112,31,53,0,404,331,456,449,786,795,1171,1172,1157,1137,1082,994,765,-101,-50,-52,29965,29969,29968,29969,29969,29970,29967,29969,29970,6307,5281,5193,29984,29985,29987,29988]} 1. d4 d5 2. Nc3 c6 3. Bf4 g6 4. e3 Bg7 5. h4 Nf6 6. h5 {D00: 1 d4 d5: Unusual lines} gxh5 $146 (6... Nxh5 $15 7. Bh2 O-O) ({Predecessor:} 6... Nxh5 7. Rxh5 gxh5 8. Qxh5 Nd7 9. Qh2 Nf6 10. Bd3 Bg4 11. Be5 {1-0 (71) Wei,Y (2707)-Tomashevsky,E (2716) Doha 2016}) 7. Nf3 Bg4 8. Be2 {White is slightly better.} Qb6 9. Rb1 Nbd7 10. Ne5 {[%cal Re5g4]} Bxe2 (10... Bf5 {is interesting.} 11. Kf1 Bg6 12. Kg1 O-O 13. Nd3 Rfe8) 11. Qxe2 Nxe5 12. Bxe5 O-O-O 13. b4 Rhg8 14. a4 (14. Kf1 $16) 14... Ne4 (14... a5 $11 {keeps the balance.}) 15. Nxe4 Bxe5 16. Nc5 Bd6 17. g3 e5 {aiming for ...exd4.} 18. c3 ({Much worse is} 18. Qxh5 $6 exd4 19. exd4 Bxc5 $11) 18... Bxc5 19. dxc5 Qc7 20. Rxh5 f6 21. Kf1 Kb8 22. b5 Ka8 (22... Rg7 $14) 23. b6 ({White should try} 23. bxc6 $16 bxc6 24. Qa6) 23... Qe7 $11 24. bxa7 Qxc5 $2 (24... Rg7 $15 {keeps the upper hand.}) 25. Rxh7 $18 Qxa7 {[#]} 26. a5 $1 {[%mdl 512]} Rh8 (26... Qxa5 27. Qb2) 27. Qh5 $2 (27. Rhxb7 $16 Rh1+ 28. Kg2 Rxb1 29. Rxb1 (29. Rxa7+ Kxa7 30. Qd3 Rb7 $16)) 27... Rxh7 $11 28. Qxh7 {[%mdl 4096] Endgame KQR-KQR} b5 $36 {[%mdl 2048] White is under pressure.} 29. Qh4 Qg7 {...Rh8 is the strong threat.} 30. Qb4 Qf8 31. Qg4 (31. g4 $11 {remains equal.}) 31... Kb7 32. Kg1 Qa3 $2 (32... Ka6 $17) 33. Qg7+ $16 {[%mdl 64] Double Attack} Ka6 $2 {[%mdl 8192] [#]} (33... Kc8 $14) 34. Qxf6 $2 (34. Qc7 $1 $18 {[%csl Ga5][%cal Rc7b6][%mdl 512]} Qxa5 35. Qxc6+ {[%mdl 64] Double Attack} Ka7 36. Rxb5 Qxb5 37. Qxb5) 34... Qd6 $14 35. Qg7 (35. Qxd6 $1 $14 Rxd6 36. f4) 35... Qc5 $2 {[%mdl 8192]} (35... Rd7 $11 {and Black has nothing to worry.} 36. Qh8 Rd8) 36. Qc7 $18 Ra8 37. Kg2 Ra7 (37... Rh8 $142 38. Qxe5 Rh7) 38. Qc8+ Kxa5 39. Ra1+ Kb6 40. Qd8+ Rc7 41. Qa8 {[%csl Ga1][%cal Ra8a6]} Qxc3 42. Qa6+ $2 (42. Ra6+ $18 Kc5 43. Qf8+ Kc4 44. Qd8) 42... Kc5 $15 43. Qa8 $1 Kd6 $2 {[%mdl 8192]} (43... Rf7 $15 44. Ra6 Rf6 45. Qa7+ Kc4) 44. Qf8+ Re7 45. Ra7 {[%csl Ga7][%cal Rf8e7]} Kc5 46. Qxe7+ Kc4 {[#]} 47. Qd6 {Played: Ra7-c7} 1-0

[Event "RUS-ch Men Blitz 2019"]
[Site "Sochi"]
[Date "2019.10.17"]
[Round "8.17"]
[White "Nesterov, Arseniy"]
[Black "Papin, Vasily"]
[Result "1-0"]
[WhiteElo "2484"]
[BlackElo "2481"]
[Annotator "TA"]
[PlyCount "95"]
[EventDate "2019.10.17"]
[EventType "swiss"]
[EventCountry "RUS"]
[SourceTitle "playchess.com"]
[Source "ChessBase"]
[SourceQuality "1"]

{[%evp 13,95,28,27,25,18,10,16,8,14,16,18,14,12,5,20,10,14,0,4,10,16,-10,46,53,55,0,65,64,57,41,75,55,92,108,112,55,53,47,182,195,197,195,187,194,252,252,252,252,252,252,248,212,259,259,274,260,295,304,282,281,312,320,593,386,1210,1226,1172,1185,971,1056,544,458,900,820,3877,3668,29965,29966,29969,29966,29977,29978,29979,29980]} 1. c4 e6 2. d4 Nf6 3. Nf3 b6 4. a3 Ba6 5. Qc2 Bb7 6. Nc3 c5 7. dxc5 bxc5 8. Bg5 {E12: Queen's Indian: Unusual White 4th moves, 4 a3, 4 Nc3 Bb7 5 a3 and 4 Nc3 Bb7} Be7 9. Rd1 (9. e3 h6 10. Bh4 O-O 11. Be2 d6 12. Rg1 Nbd7 13. O-O-O Rb8 14. g4 Ne8 15. Bg3 Bxf3 16. Bxf3 Bh4 17. Be2 {½-½ (67) Short,N (2698)-Banikas,H (2584) Heraklio 2017}) 9... O-O 10. e3 {The position is equal.} d6 11. Be2 a6 12. O-O Qc7 13. Rd2 Nbd7 14. Rfd1 Rfd8 {[#]} 15. Bh4 $146 ({Predecessor:} 15. h3 Rab8 16. Bf4 Ne8 17. Ng5 {1-0 (49) Petkov,V (2544)-Greet,A (2427) Penarth 2013}) 15... h6 16. Bg3 {[%cal Rg3d6]} Ne8 17. b4 cxb4 (17... Nb6 $11) 18. axb4 $14 Qc6 19. Qa4 (19. Bf1 $14) 19... Ndf6 (19... Qxa4 $11 20. Nxa4 Ndf6) 20. Qxc6 Bxc6 21. Nd4 $36 {[%mdl 2048] White has some pressure.} Bb7 22. f3 Rdc8 23. Na4 {aiming for Nb6.} Nd7 24. c5 ({Better is} 24. e4 $16) 24... dxc5 {[#]} 25. Nxe6 $1 {[%mdl 512]} fxe6 ({Black should play} 25... Bc6 $14 26. Nexc5 (26. Rxd7 Bxa4 27. Rxe7 Bxd1 $17) 26... Nxc5 27. Nxc5 a5) 26. Rxd7 $18 {[%mdl 64] Double Attack} Bc6 27. Rxe7 Bxa4 28. Ra1 Bb5 (28... Bb3 {keeps fighting.} 29. Ra3 (29. Rxa6 cxb4 30. Rxa8 Rxa8 $18) 29... Bd5) 29. Bxb5 axb5 30. Rxa8 {[%mdl 64] [#] Overworked Piece} Rxa8 31. bxc5 {[%mdl 4096] Endgame KRB-KRN} Rc8 32. Rxe6 Nf6 33. Bd6 b4 34. Re7 Nd5 35. Rb7 Nxe3 36. Rxb4 Nd5 37. Rb7 Re8 $2 (37... Ne3 38. Kf2 Nf5) 38. Kf2 Nc3 $2 (38... Re6 39. h4 Ne3) 39. Rb8 Rxb8 40. Bxb8 {KB-KN} Kf7 41. Ke3 Ke6 42. Kd3 Nd5 (42... Nb5 $142 43. Kc4 Na3+ 44. Kb3 Nb5) 43. Kd4 Nf6 44. Be5 Ne8 45. c6 {[%cal Bc5c6,Bc6c7][%mdl 32] White mates.} g6 46. f4 h5 47. Kc5 g5 48. c7 {Accuracy: White = 66%, Black = 29%.} 1-0

[Event "RUS-ch Men Blitz 2019"]
[Site "Sochi"]
[Date "2019.10.17"]
[Round "8.18"]
[White "Savitskiy, Sergey"]
[Black "Vastrukhin, Oleg"]
[Result "1-0"]
[WhiteElo "2407"]
[BlackElo "2428"]
[Annotator "RC"]
[PlyCount "73"]
[EventDate "2019.10.17"]
[EventType "swiss"]
[EventCountry "RUS"]
[SourceTitle "playchess.com"]
[Source "ChessBase"]
[SourceQuality "1"]
[TimeControl "180+2"]

1. Nf3 {[%emt 0:00:00]} g6 {[%emt 0:00:00]} 2. g3 {[%emt 0:00:00]} Bg7 {[%emt 0:00:00]} 3. Bg2 {[%emt 0:00:00]} c5 {[%emt 0:00:00]} 4. O-O {[%emt 0:00:01]} Nc6 {[%emt 0:00:00]} 5. d3 {[%emt 0:00:01]} e6 {[%emt 0:00:01]} 6. Nc3 {[%emt 0:00:09]} Nge7 {[%emt 0:00:02]} 7. Rb1 {[%emt 0:00:07]} O-O {[%emt 0:00:03]} 8. a3 {[%emt 0:00:01]} b6 {[%emt 0:00:04]} 9. Bd2 {[%emt 0:00:03]} Bb7 {[%emt 0:00:08]} 10. b4 {[%emt 0:00:01]} d6 {[%emt 0:00:02]} 11. bxc5 {[%emt 0:00:13]} dxc5 {[%emt 0:00:01]} 12. Ne4 {[%emt 0:00:01]} h6 {[%emt 0:00:07]} 13. Nxc5 {[%emt 0:00:02]} Bc8 {[%emt 0:00:20]} 14. Nb3 {[%emt 0:00:02]} g5 {[%emt 0:00:09]} 15. c3 {[%emt 0:00:10]} Bb7 {[%emt 0:00:04]} 16. h4 {[%emt 0:00:13]} g4 {[%emt 0:00:03]} 17. Nfd4 {[%emt 0:00:01]} Qd7 {[%emt 0:00:21]} 18. Nxc6 {[%emt 0:00:22]} Bxc6 {[%emt 0:00:01]} 19. Bxc6 {[%emt 0:00:08]} Qxc6 {[%emt 0:00:03]} 20. c4 {[%emt 0:00:10]} f5 {[%emt 0:00:09]} 21. Qc1 {[%emt 0:00:02]} Kh7 {[%emt 0:00:06]} 22. Bc3 {[%emt 0:00:20]} e5 {[%emt 0:00:04]} 23. Qb2 {[%emt 0:00:21]} Qe6 {[%emt 0:00:21]} 24. a4 {[%emt 0:00:09]} f4 {[%emt 0:00:15]} 25. Nd2 {[%emt 0:00:01]} Nf5 {[%emt 0:00:05]} 26. Ne4 {[%emt 0:00:01]} Nd6 {[%emt 0:00:08]} 27. Nxd6 {[%emt 0:00:05]} Qxd6 {[%emt 0:00:01]} 28. Bb4 {[%emt 0:00:02]} Qe6 {[%emt 0:00:10]} 29. Bxf8 {[%emt 0:00:01]} Rxf8 {[%emt 0:00:00]} 30. Qc2 {[%emt 0:00:04]} Rf7 {[%emt 0:00:13]} 31. e4 {[%emt 0:00:12]} Bf8 {[%emt 0:00:04]} 32. d4 {[%emt 0:00:14]} exd4 {[%emt 0:00:05]} 33. e5+ {[%emt 0:00:01]} Kg7 {[%emt 0:00:06]} 34. Qe4 {[%emt 0:00:00]} d3 {[%emt 0:00:08]} 35. Qd5 {[%emt 0:00:20]} Qg6 {[%emt 0:00:00]} 36. e6 {[%emt 0:00:02]} Rc7 {[%emt 0:00:15]} 37. Qe5+ {[%emt 0:00:03]} 1-0